Enterprise security: (Record no. 11456)

MARC details
000 -LEADER
fixed length control field 00725 a2200217 4500
010 ## - LIBRARY OF CONGRESS CONTROL NUMBER
LC control number ENG-89837
020 ## - INTERNATIONAL STANDARD BOOK NUMBER
Terms of availability 450.00
International Standard Book Number 8183332404
035 ## - SYSTEM CONTROL NUMBER
System control number EN-73370
037 ## - SOURCE OF ACQUISITION
Source of stock number/acquisition DBAD / PUB
082 14 - DEWEY DECIMAL CLASSIFICATION NUMBER
Classification number 005.8
090 ## - LOCALLY ASSIGNED LC-TYPE CALL NUMBER (OCLC); LOCAL CALL NUMBER (OCLC)
-- 11795
-- 11795
100 1# - MAIN ENTRY--PERSONAL NAME
Personal name Khare, Rajat
245 1# - TITLE STATEMENT
Title Enterprise security:
Statement of responsibility, etc by Rajat Khare and Varun Srivastava
Remainder of title (securing your digital assests)/
260 ## - PUBLICATION, DISTRIBUTION, ETC. (IMPRINT)
Place of publication, distribution, etc New Delhi
Name of publisher, distributor, etc BPB Publications
Date of publication, distribution, etc 2008
270 ## - ADDRESS
Address B-14, Connaught Place
City New Delhi
Postal code 110 001
300 ## - PHYSICAL DESCRIPTION
Extent vi, 198p.
Dimensions 25 cm ( pbk)
500 ## - GENERAL NOTE
General note Includes glossary
700 ## - ADDED ENTRY--PERSONAL NAME
Personal name Srivastava, Varun
942 ## - ADDED ENTRY ELEMENTS (KOHA)
Institution code [OBSOLETE] dpl
Koha item type English Books
Call number prefix 005.8 / KHA
Holdings
Withdrawn status Lost status Source of classification or shelving scheme Damaged status Not for loan Collection code Home library Current library Source of acquisition Cost, normal purchase price Total Checkouts Full call number Barcode Date last seen Copy number Uniform Resource Identifier Cost, replacement price Price effective from Koha item type
    Dewey Decimal Classification   Not For Loan Non-fiction D.B.Act.Division D.B.Act.Division DBAD/PUB 450.00   005.8 KHA EN-73370 15/09/2008 1 12568 450.00 15/09/2008 English Books

© Delhi Public Library
Hit Counter
free hit counter